000
00295nam a22001337a 4500
008
171013b xxu||||| |||| 00| 0 eng d
020
_a
9780199246441
041
_a
eng
080
_a
316
100
_a
50
101
_a
SOC
245
_a
GLOBAL CIVIL SOCIETY 2001
_c
GIDDENS, A
942
_2
udc
_c
BK
999
_c
33641
_d
33641